Global health and international relations
| Authors: | ; |
|---|---|
| Format: | Print Book |
| Language: | English |
| Published: |
Cambridge [u.a.]
Polity Press
2012
|
| In: | Year: 2012 |
| Online Access: |
Autorenbiografie (Publisher) Cover Table of Contents Verlagsangaben (Publisher) |
| Check availability: | HBZ Gateway |
| Subito Delivery Service: | Order now. |
| Keywords: |
MARC
| LEADER | 00000cam a2200000 c 4500 | ||
|---|---|---|---|
| 001 | 689974957 | ||
| 003 | DE-627 | ||
| 005 | 20251224180241.0 | ||
| 007 | tu | ||
| 008 | 120411s2012 xxk||||| 00| ||eng c | ||
| 010 | |a 2012538886 | ||
| 020 | |a 9780745649467 |9 978-0-7456-4946-7 | ||
| 024 | 3 | |a 9780745649467 | |
| 035 | |a (DE-627)689974957 | ||
| 035 | |a (DE-576)372543804 | ||
| 035 | |a (DE-599)HBZHT017190031 | ||
| 035 | |a (OCoLC)811019758 | ||
| 035 | |a (OCoLC)816370883 | ||
| 035 | |a (DE-605)HT017190031 | ||
| 035 | |a (DE-615)00945325 | ||
| 040 | |a DE-627 |b ger |c DE-627 |e rakwb | ||
| 041 | |a eng | ||
| 044 | |c XA-GB |c XD-US | ||
| 050 | 0 | |a RA441 | |
| 060 | 0 | |a 2012 J-401 | |
| 060 | 0 | |a WA 530.1 | |
| 082 | 0 | |a 362.1 |q LOC |2 23 | |
| 084 | |a RQ |2 fivr | ||
| 084 | |a SG03.02 |2 fivs | ||
| 084 | |a SB01 |2 fivs | ||
| 084 | |a 3,6 |a 2,1 |2 ssgn | ||
| 084 | |a QX 705 |q OBV |2 rvk |0 (DE-625)rvk/142187: | ||
| 084 | |a 89.90 |2 bkl | ||
| 084 | |a 44.10 |2 bkl | ||
| 100 | 1 | |a McInnes, Colin |d 1960- |0 (DE-588)130297658 |0 (DE-627)497648849 |0 (DE-576)298113015 |4 aut | |
| 109 | |a McInnes, Colin 1960- |a McInnes, Colin J. 1960- |a McInnes, Colin John 1960- |a MacInnes, Colin 1960- |a Mc Innes, Colin 1960- | ||
| 245 | 1 | 0 | |a Global health and international relations |c Colin McInnes; Kelley Lee |
| 263 | |a Erscheint: September 2012 | ||
| 264 | 1 | |a Cambridge [u.a.] |b Polity Press |c 2012 | |
| 300 | |a XII, 205 S. |b graph. Darst. | ||
| 336 | |a Text |b txt |2 rdacontent | ||
| 337 | |a ohne Hilfsmittel zu benutzen |b n |2 rdamedia | ||
| 338 | |a Band |b nc |2 rdacarrier | ||
| 650 | 0 | |a World health | |
| 650 | 0 | |a International Cooperation | |
| 650 | 0 | |a Medical policy |x International cooperation | |
| 650 | 0 | |a Social Medicine | |
| 650 | 2 | |a World Health | |
| 650 | 2 | |a Health Policy | |
| 650 | 2 | |a International Cooperation | |
| 650 | 0 | 7 | |0 (DE-588)4175043-3 |0 (DE-627)10536746X |0 (DE-576)209960949 |a Politischer Prozess |2 gnd |
| 650 | 0 | 7 | |0 (DE-588)4020754-7 |0 (DE-627)104658827 |0 (DE-576)208934650 |a Gesundheit |2 gnd |
| 650 | 0 | 7 | |0 (DE-588)4114036-9 |0 (DE-627)104288531 |0 (DE-576)209481382 |a Interdependenz |2 gnd |
| 650 | 0 | 7 | |0 (DE-588)4135023-6 |0 (DE-627)104122803 |0 (DE-576)209657235 |a Verflechtung |2 gnd |
| 650 | 0 | 7 | |0 (DE-588)4003846-4 |0 (DE-627)10438896X |0 (DE-576)208852972 |a Außenpolitik |2 gnd |
| 650 | 0 | 7 | |0 (DE-588)4046514-7 |0 (DE-627)104152206 |0 (DE-576)209069945 |a Politik |2 gnd |
| 650 | 0 | 7 | |0 (DE-588)4115586-5 |0 (DE-627)105813168 |0 (DE-576)209494484 |a Politische Ökonomie |2 gnd |
| 650 | 0 | 7 | |0 (DE-588)4116489-1 |0 (DE-627)104325224 |0 (DE-576)209502010 |a Sicherheitspolitik |2 gnd |
| 650 | 0 | 7 | |0 (DE-588)4209283-8 |0 (DE-627)104353201 |0 (DE-576)210191112 |a Einflussgröße |2 gnd |
| 650 | 0 | 7 | |0 (DE-588)4059787-8 |0 (DE-627)106142275 |0 (DE-576)209132256 |a Theorie |2 gnd |
| 650 | 0 | 7 | |0 (DE-588)4039798-1 |0 (DE-627)106226576 |0 (DE-576)209036699 |a Modell |2 gnd |
| 650 | 0 | 7 | |0 (DE-588)4122795-5 |0 (DE-627)10449350X |0 (DE-576)209554304 |a Analyse |2 gnd |
| 651 | 7 | |0 (DE-588)1135962553 |0 (DE-627)890988382 |0 (DE-576)490197698 |a Erde |2 gnd | |
| 689 | 0 | 0 | |d s |0 (DE-588)4113743-7 |0 (DE-627)105827177 |0 (DE-576)209478977 |a Gesundheitspolitik |2 gnd |
| 689 | 0 | 1 | |d s |0 (DE-588)4072885-7 |0 (DE-627)106093932 |0 (DE-576)209188553 |a Internationale Politik |2 gnd |
| 689 | 0 | |5 (DE-627) | |
| 700 | 1 | |a Lee, Kelley |d 1962- |0 (DE-588)128615427 |0 (DE-627)376379995 |0 (DE-576)174944705 |4 aut | |
| 787 | 0 | 8 | |i Rezensiert in |a Phua Kai Lit |t Global health governance in international relations |d 2015 |w (DE-627)1933286202 |
| 856 | 4 | 2 | |u http://www.loc.gov/catdir/enhancements/fy1307/2012538886-b.html |x Verlag |3 Autorenbiografie |7 1 |
| 856 | 4 | 2 | |u http://www.loc.gov/catdir/enhancements/fy1307/2012538886-d.html |x Verlag |3 Verlagsangaben |7 1 |
| 856 | 4 | 2 | |u https://swbplus.bsz-bw.de/bsz372543804cov.jpg |m V:DE-576 |m X:wiley |q image/jpeg |v 20130305115548 |3 Cover |7 1 |
| 856 | 4 | 2 | |u https://digitale-objekte.hbz-nrw.de/storage/2012/10/18/file_6/4668549.pdf |m V:DE-605 |m X:migimw |q application/pdf |v 2025-07-00 |3 Inhaltsverzeichnis |7 1 |
| 936 | r | v | |a QX 705 |b Gesundheitspolitik |k Wirtschaftswissenschaften |k Sozialpolitik. Gesundheitswesen. Bildungsökonomie |k Gesundheitswesen |k Gesundheitspolitik |0 (DE-627)1271511835 |0 (DE-625)rvk/142187: |0 (DE-576)201511835 |
| 936 | b | k | |a 89.90 |j Außenpolitik |j Internationale Politik |0 (DE-627)10642047X |
| 936 | b | k | |a 44.10 |j Gesundheitswesen: Allgemeines |0 (DE-627)106409530 |
| 936 | f | i | |0 (DE-627)1756134707 |a RQ |b Weltweit |k Weltweit |2 fivr |
| 936 | f | i | |0 (DE-627)1756136017 |a SG03.02 |b Gesundheit |k Gesellschaft |k Sozialpolitik/Soziales |k Gesundheit |2 fivs |
| 936 | f | i | |0 (DE-627)1756135290 |a SB01 |b Internationale Beziehungen/Prozesse |k Internationale(s) Politik/System |k Internationale Beziehungen/Prozesse |2 fivs |
| 938 | 1 | 0 | |0 (DE-627)1756180598 |0 (DE-615)6608724 |a Global |2 fivt |
| 938 | 1 | 0 | |0 (DE-627)1756172595 |0 (DE-615)6607231 |a Internationale Prozesse und Tendenzen |2 fivt |
| 938 | 1 | 0 | |0 (DE-627)1756224978 |0 (DE-615)6607105 |a Gesundheit |2 fivt |
| 938 | 1 | 0 | |0 (DE-627)1756172560 |0 (DE-615)6607256 |a Internationale Beziehungen |2 fivt |
| 938 | 1 | 0 | |0 (DE-627)1756181705 |0 (DE-615)6605489 |a Interdependenz/Verflechtung |2 fivt |
| 938 | 1 | 0 | |0 (DE-627)1756159297 |0 (DE-615)6602448 |a Außenpolitik |2 fivt |
| 938 | 1 | 0 | |0 (DE-627)175624202X |0 (DE-615)6604397 |a Gesundheitspolitik |2 fivt |
| 938 | 1 | 0 | |0 (DE-627)1756186286 |0 (DE-615)6607006 |a Wechselbeziehungen zwischen verschiedenen Politiken |2 fivt |
| 938 | 1 | 0 | |0 (DE-627)1756152675 |0 (DE-615)6608521 |a Politische Ökonomie |2 fivt |
| 938 | 1 | 0 | |0 (DE-627)1756243573 |0 (DE-615)6606868 |a Sicherheitspolitische Faktoren |2 fivt |
| 938 | 1 | 0 | |0 (DE-627)1756161992 |0 (DE-615)6602182 |a Theorie der internationalen Beziehungen |2 fivt |
| 938 | 1 | 0 | |0 (DE-627)1756157693 |0 (DE-615)6604955 |a Modell (theoretisch) |2 fivt |
| 938 | 1 | 0 | |0 (DE-627)1756140995 |0 (DE-615)6603967 |a Wissenschaftlich-theoretische Analyse |2 fivt |
| 951 | |a BO | ||
| ELC | |b 1 | ||
| ORI | |a SA-MARC-krimdok_oa001.raw | ||
